000 00411pab a2200157 454500
008 180718b2011 xxu||||| |||| 00| 0 eng d
100 _aSashi Kumar
245 _aHegemony in contemporary culture and media and the need for a counter initiative
260 _c2011
300 _ap.38-43.
362 _a17 dec
650 _aCulture
773 _aEconomic and Political Weekly
908 _aN
909 _a94261
999 _c94261
_d94261